000 01505cam a2200349 i 4500
003 SA-RiAUC
005 20251102134841.0
008 251101s1952 su f l f000r0 ara c
020 _a4184889
020 _a4184894
040 _aSA-RiAUC
_bara
_cSA-RiAUC
_dSA-RiKSU
_erda
043 _aa-su---
082 0 4 _a343.531052
_qSA-RiAUC
090 _a343.531052
_bس ع و
110 1 _aالسعودية
_eمؤلف.
240 1 0 _aقوانين، إلخ.
245 1 0 _aقوانين وتعليمات الزكاة الشرعية وضريبة الدخل /
_cمصلحة الزكاة والدخل، وزارة المالية والاقتصاد الوطني.
246 3 0 _aضريبة الدخل
264 1 _aمكة المكرمة :
_bمطبعة الحكومة،
_c[1952]
300 _a40 صفحة ؛
_c20 × 14 سم
336 _aنص
_btxt
_2rdacontent
_3كتاب
337 _aبدون وسيط
_bn
_2rdamedia
338 _aمجلد
_bnc
_2rdacarrier
500 _aس ع / م ل / 3 ق9 ز8.
650 7 _aالضرائب
_xقوانين وتشريعات
_xمطبوعات حكومية
_zالسعودية
_2aucsh
650 7 _aالزكاة
_xقوانين وتشريعات
_xمطبوعات حكومية
_zالسعودية
_2aucsh
650 7 _aالمطبوعات الحكومية
_2aucsh
651 7 _aالسعودية
_xمطبوعات حكومية
_2aucsh
710 1 _aالسعودية.
_bمصلحة الزكاة والدخل
_eمؤلف.
942 _2ddc
_cBOOK
_n0
949 _aSA-JeALM
_d251101
_umohamedma123
_n1
999 _c12940
_d12940